| 000 | 01105cam a22003257a 4500 | ||
|---|---|---|---|
| 003 | CHAP | ||
| 005 | 20220329132921.0 | ||
| 008 | 971013s1988 r 10010 d | ||
| 010 | _a240 | ||
| 011 | _a1212 | ||
| 035 | _a388 | ||
| 040 | _cCHAP | ||
| 082 |
_a631.5 _bC8 |
||
| 111 | 0 | 0 |
_aCurso Internacional sobre el Enfoque de Sistemas Aplicados a la Investigación Agropecuaria ( _d1988 _c: Colima, Col.) _930670 |
| 245 | 1 | 3 | _aEl enfoque de sistemas en la investigación agropecuaria |
| 260 |
_aColima, Col. : _bUniversidad de Colima, _c1988 |
||
| 300 | _a83 p., apènd. | ||
| 500 | _a35-197 | ||
| 590 |
_aBATCH-UPD _b10 _c20130110 _lUCH01 _h1304 |
||
| 590 |
_aBATCH-UPD _b10 _c20130410 _lUCH01 _h0820 |
||
| 590 |
_aBATCH-UPD _b10 _c20130914 _lUCH01 _h1116 |
||
| 590 |
_aBATCH-UPD _b10 _c20140805 _lUCH01 _h1142 |
||
| 590 |
_aCONVERSION _b10 _c20130109 _lUCH01 _h1302 |
||
| 650 | 1 | 4 |
_aAgricultura _xInvestigación. _91577 |
| 650 | 1 | 4 |
_aCultivos _xRendimiento. _930318 |
| 650 | 1 | 4 |
_aSistemas de producción. _9106767 |
| 901 | _aBK | ||
| 942 | _cLIBRO | ||
| 949 |
_a631.5 C8 _bBC _cCONG _d-9833 _eCONG _h76801 _i388 _mD _si |
||
| 999 |
_c240 _d240 |
||